000 01176 a2200205 4500
001 40642
005 20260407155702.0
008 260407a1967 arg spa d
003 AR-UNSa-BCEJYS
040 _aAR-UNSa-BCEJYS
_bspa
_cAR-UNSa-BCEJYS
080 _a330
_xEconomía en general
245 1 0 _aEnsayos sobre economía positiva
264 1 _aMadrid :
_bGredos
_c1967
300 _a307 p.
_c25 cm.
505 _a1. La metodología de la economía positiva - 2. La curva de demanda marshaliana - 3. Los efectos en el "bienestar" producidos por un impuesto sobre la renta y por un impuesto sobre el consumo - 4. Los efectos de una política de pleno empleo sobre la estabilidad económica: un análisis formal - 5. Un programa monetario y fiscal de estabilidad económica - 6. Defensa de los tipos de cambio flexibles - 7. Divisa-reserva de mercancías - 8. Discusión del vacío inflacionario - 9. Comentarios sobre política monetaria - 10. Lange y la flexibilidad de los precios y el empleo: una crítica metodológica - 11. Lerner y la economía de control
041 _aspa
942 _cBK
590 _aniveau_biblio:m niveau_hierar:0
100 1 _aFriedman, Milton
999 _c3283
_d3283